000 00685cas a22002417a 4500
001 109646
003 UA-OsUOA
005 20211008120251.0
007 ta
008 201501c n ||un ||n| 00| 0 ukr dukr d
040 _aUA-OsUOA
_brus
_cUA-OsUOA
_dUA-OsUOA
041 _arus
044 _aUA
080 _a2
090 _a2
_bП77
099 _a99935
245 _aПрихожанка
_cглав. ред. Велигодськая В. Ю.
_bправосоавная ежемесячная газета
260 _aК.
650 7 _2UDC
_x2 Релігія. Теологія
942 _cNP
_2udc
955 _a0
999 _c395560
_d395560